|
|
|
|
| LEADER |
00752nab a2200217 i 4500 |
| 001 |
misc68315 |
| 005 |
20240515095257.0 |
| 008 |
240426s1985 hu o 000 rus d |
| 040 |
|
|
|a SZTE Miscellanea Repozitórium
|b hun
|
| 041 |
|
|
|a rus
|
| 100 |
1 |
|
|a Blagova Galina Fedorovna
|
| 245 |
1 |
0 |
|a O meste mežurovnevyh âvlenij v razvitii turkskoj âzykovoj sistemy
|h [elektronikus dokumentum] /
|c Blagova Galina Fedorovna
|
| 260 |
|
|
|c 1985
|
| 300 |
|
|
|a [8] p.
|c 27 cm
|
| 490 |
0 |
|
|a Sovetskaâ Tûrkologiâ
|
| 561 |
|
|
|a Németh Gyula hagyaték
|
| 591 |
|
|
|a XKEK 2189; NOD 0015
|
| 650 |
|
4 |
|a Bölcsészettudományok
|
| 650 |
|
4 |
|a Nyelvek és irodalom
|
| 695 |
|
|
|a Keletkutatás
|
| 856 |
4 |
0 |
|u http://misc.bibl.u-szeged.hu/68315/1/0015_nod.pdf
|z Dokumentum-elérés
|